000 00777nam a2200241Ii 4500
003 JO-AjNU
008 230605s9999||||xx |||||||||||||| ||und||
017 _a2011/16285
020 _a978-977-431-116-2
040 _aJO-AjNU
_bara
_erda
_cJO-AjNU
041 _aara
050 1 4 _aZ666.H35 2012
100 3 _aاعداد حجاج، جهاد محمد ,
_eauthor
_957753
245 0 0 _aأخصائي المكتبه
250 _aط1
264 3 1 _aالقاهرة: مؤسسة طيبة للنشر والتوزيع، 2012
300 _a94ص
336 _atext
_btxt
_2rdacontent
337 _aunmediated
_bn
_2rdamedia
338 _avolume
_bnc
_2rdacarrier
490 0 _aسلسلة حقيبة الاعمال المدرسية
650 4 _aاخصائي المكتبات
_957754
999 _aA25899
_c29467
_d29467